| 000 | 00845 a2200217 4500 | ||
|---|---|---|---|
| 003 | Nust | ||
| 005 | 20221206122057.0 | ||
| 010 | _a 85010724 | ||
| 020 | _a0879421908 | ||
| 040 | _cNust | ||
| 082 | 0 | 0 | _a621.38173,DIG |
| 245 | 0 | 0 |
_aDigital VLSI systems / _cedited by Mohamed I. Elmasry. |
| 260 |
_aNew York : _bInstitute of Electrical and Electronics Engineers, _cc1985. |
||
| 300 |
_axi, 572 p. : _bill. ; _c29 cm. |
||
| 490 | 0 | _aIEEE Press selected reprint series | |
| 505 | _aDesign and Analysis of Digital VLSI Systems (Page-1), Design Automation (Page-119), Simulation (Page-381), Testability and Fault Tolerant Design (Page-439), Design Examples (Page-503). | ||
| 650 | 0 | _aTelecommunication Engineering. | |
| 700 | 1 |
_aElmasry, Mohamed I., _d1943- _9104222 |
|
| 710 | 2 |
_aIEEE Solid-State Circuits Council. _9104223 |
|
| 942 |
_2ddc _cBK |
||
| 999 |
_c182473 _d182473 |
||